[Event "Olympiad-34"]
[Site "Istanbul"]
[Date "2000.11.12"]
[Round "14.2"]
[White "Ponomariov, Ruslan"]
[Black "Sokolov, Ivan"]
[Result "1-0"]
[WhiteElo "2630"]
[BlackElo "2611"]
[Annotator "Postny,E"]
[PlyCount "87"]
[EventDate "2000.10.28"]
[EventType "team-swiss"]
[EventRounds "14"]
[EventCountry "TUR"]
[SourceTitle "EXT 2001"]
[Source "ChessBase"]
[SourceDate "2000.11.22"]
[SourceVersion "1"]
[SourceVersionDate "2000.11.22"]
[SourceQuality "1"]
[WhiteTeam "Ukraine"]
[BlackTeam "Bosnia&Herzegovina"]
[WhiteTeamCountry "UKR"]
[BlackTeamCountry "BIH"]

1. e4 e5 2. Nf3 Nc6 3. d4 exd4 4. Nxd4 Bc5 5. Be3 Qf6 6. c3 Qg6 7. Qf3 $5 (7.
f3 Nge7 8. Qd2 (8. Nf5 Bxe3 9. Nxe3 O-O 10. Na3 f5 11. exf5 Nxf5 12. Nxf5 Qxf5
$11 {1/2-1/2 Thorhallsson,T-Hector,J/Reykjavik 1997/CBM 62 (36)}) 8... a6 9.
Nc2 Bxe3 10. Nxe3 d6 11. Be2 f5 12. exf5 Bxf5 13. O-O O-O 14. Na3 Rae8 15. Rae1
Kh8 16. Nac2 Qh6 $15 {0-1 Vajda,S-Skembris,S/FRA 1999/EXT 2000 (32)}) (7. Nd2
Nf6 8. f3 d5 9. Bb5 Bxd4 (9... Qxg2 10. Rg1 Qxh2 11. Rxg7 Bd7 12. Qb3 Qh4+ 13.
Kd1 Bxd4 14. cxd4 O-O-O 15. Kc2 $132) 10. Bxd4 dxe4 11. O-O Bd7 12. Bxf6 Qxf6
13. Nxe4 Qf5 14. Bd3 Qf4 15. Qc1 Qxc1 16. Raxc1 Ne5 17. Bc2 O-O-O $11 {0-1
Berg,E-Hector,J/Reykjavik 1996/CBM 52 (67)}) 7... Ne5 (7... Bxd4 8. Bxd4 Nge7
9. Nd2 d5 10. Bb5 O-O 11. Be3 dxe4 12. Qxe4 Bf5 13. Qf3 Ne5 14. Qg3 Ng4 $11 15.
O-O-O $6 c6 16. Be2 Nxe3 17. Qxe3 Nd5 18. Qg3 Qh6 $15 {0-1 Schmittdiel,
E-Kupreichik,V/Bad Woerishofen 1995/CBM 47 ext (70)}) 8. Qe2 $146 (8. Qf5 d6 9.
Qxg6 hxg6 10. f3 Nf6 11. Nd2 Bd7 12. Nc2 Bb6 13. Be2 d5 14. Bxb6 axb6 15. exd5
Nxd5 16. g3 c5 17. O-O O-O $15 {0-1 Ash,R-Martinovsky,E/Chicago 1995/EXT 98 
(52)}) 8... Nh6 (8... Qxe4 $2 9. Nd2 Qg4 10. f3 $1 ({less clear} 10. Nb5 Qxe2+
11. Bxe2 Bxe3 12. Nxc7+ Kd8 13. Nxa8 Bxd2+ 14. Kxd2 b6 $13 {[%csl Ra8]}) 10...
Qh4+ 11. g3 Qd8 (11... Qe7 12. Nf5 $18) 12. Nb5 Be7 13. Bd4 d6 14. Bxe5 dxe5
15. Qxe5 Kf8 16. Qxc7 $16) 9. f4 Neg4 (9... Nc6 $6 {is met by} 10. Nb5 Bxe3 11.
Qxe3 Kd8 12. Nd2 $36 {[%csl Rd8]}) 10. f5 $1 {Important intermediate move.} (
10. Bg1 $6 Bxd4 11. cxd4 (11. Bxd4 $2 Nxh2 $1 $17 {[%cal Rg6g3]}) 11... d5 {
and black getting control of important white squares in the center.}) 10... Qf6
({Deserves attention} 10... Qb6 {with idea to provoke some weaknesses on
white's queenside.} 11. Bg1 {[%csl Gg1][%cal Gb2b4,Ge4e5]} Ne5 12. b4 Bxd4 13.
Bxd4 (13. cxd4 Qxb4+ 14. Nd2 Nc6 15. Rb1 Qe7 $15) 13... Qd6 {[%cal Gf7f6]} 14.
Na3 Qe7 15. Nb5 d6 16. Nxa7 Bd7 17. Nb5 Bc6 {with good compensation for the
pawn.}) 11. Bg1 O-O 12. Nd2 Ne5 13. O-O-O Qa6 $2 {Sokolov intentionally
worsing his pawnstructure by swapping the queens with idea to hold his
blockade knight in the endgame.Nevertheless it's wrong decision.Ponomariov
managing to swap all good black pieces and the endgame is in his favour .} (
13... Qe7 {[%cal Gf7f6] was logical continuation with very complicated
position,for instanse:} 14. h3 f6 15. g4 Nhf7 16. Qg2 d6 17. Be2 Bd7 18. h4
Rab8 {[%cal Gb7b5]} 19. Be3 b5 20. g5 b4 21. gxf6 Qxf6 22. Bg5 Nxg5 23. hxg5
Qe7 24. Rxh7 bxc3 25. f6 cxd2+ 26. Rxd2 Rxf6 27. gxf6 Qxf6 28. Qh2 Rb4 {
with double-edged position.}) 14. Qxa6 bxa6 15. N4f3 $1 Bxg1 16. Rxg1 Nhg4 (
16... Re8 17. Nxe5 Rxe5 18. g4 $16 {[%csl Rh6]} f6 19. Bc4+ Kf8 20. Nf3 {
[%csl Ra8]} Re7 21. g5 $40) (16... Neg4 17. Re1 $16 {[%cal Gh2h3]}) 17. h3 Nxf3
18. gxf3 Ne3 19. Re1 Nxf1 20. Rexf1 $16 {Look what happened! All developed
black pieces gone; black actually start from the beginning.} f6 (20... d6 21.
Nc4 {[%cal Gc4e3]} Re8 22. Ne3 Bb7 {[%cal Gd6d5]} 23. c4 $16 {[%csl Yd5]}) 21.
h4 Bb7 (21... d5 22. Nb3 $16 {[%csl Yc5][%cal Yb3c5]}) 22. Nb3 Rae8 23. Nc5 Bc8
24. c4 {[%csl Yd5]} Kf7 25. h5 {Black pieces are hardly breathing.} Rg8 26. Nd3
{[%cal Gd3f4]} g6 27. hxg6+ hxg6 28. fxg6+ Rxg6 29. Rxg6 Kxg6 30. Nf4+ Kf7 (
30... Kg5 31. Nd5 $18 {[%cal Gd5c7,Gf1g1]}) 31. Rh1 Kg7 32. Nd5 Re5 ({Other
attempts do not save as well:} 32... c6 33. Ne3 {[%csl Yd6][%cal Ge3f5]} d6 34.
Rd1 Rd8 (34... f5 35. Rxd6 fxe4 36. fxe4 $18) 35. c5 d5 36. exd5 cxd5 37. Rxd5
Rxd5 38. Nxd5 Bb7 39. Ne7 $18 {[%cal Gc5c6,Gc6c7,Gc7c8]}) (32... Re6 33. b3 c5
34. Ne3 a5 35. Nf5+ Kg8 36. Rd1 Kf8 37. Kb2 $18) 33. Nxc7 f5 (33... Rc5 34.
Ne8+ $18 {[%cal Ye8d6]}) 34. Rh5 d6 ({The endgame after} 34... Kg6 35. Rxf5
Rxf5 36. exf5+ Kxf5 37. Kd2 Kf4 38. Ke2 Bb7 39. Nd5+ Bxd5 40. cxd5 Ke5 41. Ke3
Kxd5 42. f4 $18 {is lost.}) 35. Nd5 a5 (35... fxe4 36. Rxe5 dxe5 37. fxe4 {
with easy win.}) 36. Kd2 Bd7 37. exf5 Rxf5 38. Rxf5 Bxf5 39. Nc7 {[%cal Gc7e8,
Gc7b5]} Bb1 40. a3 Ba2 41. Kc3 Kf6 42. Nb5 d5 43. c5 Ke5 44. f4+ {[%mdl 6144]
Impressive performance by Ponomariov!} 1-0

[Event "EU-chT (Men) 13th"]
[Site "Leon"]
[Date "2001.11.07"]
[Round "2.3"]
[White "Brady, Stephen"]
[Black "Illescas Cordoba, Miguel"]
[Result "0-1"]
[WhiteElo "2333"]
[BlackElo "2577"]
[Annotator "Postny,E"]
[PlyCount "52"]
[EventDate "2001.11.06"]
[EventType "team-swiss"]
[EventRounds "9"]
[EventCountry "ESP"]
[SourceTitle "CBM 086"]
[Source "ChessBase"]
[SourceDate "2002.02.05"]
[SourceVersion "1"]
[SourceVersionDate "2002.02.05"]
[SourceQuality "1"]
[WhiteTeam "Ireland"]
[BlackTeam "Spain"]
[WhiteTeamCountry "IRL"]
[BlackTeamCountry "ESP"]

1. e4 e5 2. Nf3 Nc6 3. d4 exd4 4. Nxd4 Bc5 5. Nxc6 Qf6 6. Qd2 dxc6 7. Nc3 Qe7 {
Morozevich's patent.} 8. Qg5 {The most problemative continuation for black in
this variation.Other option is 8.Bd3.} Nf6 (8... Bd4 {- see the game Van der
Wiel,J-Korneev,O /Elgoibar 1998/CBM 69 [Mikhalevski,V]}) 9. Be3 Bb4 $6 (9...
Bxe3 {- see the game Leko,P-Svidler,P /Linares 1999/CBM 70 [Mikhalevski,V]}) (
9... Bd6 {- see the game Mellado Trivino,J-Korneev,O /Elgoibar 1998/CBM 69 
[Mikhalevski,V]}) 10. Bd3 $6 $146 ({The most principal and the strongest
continuation is:} 10. e5 {- see the game Nataf,IA-Kharitonov,A /MK Cafe Cup
1999/CBM 73 [Mikhalevski,V]}) 10... h6 11. Qxg7 Rg8 12. Qxh6 Ng4 (12... Nxe4 $2
13. Bxe4 Qxe4 14. O-O-O Bxc3 15. bxc3 Bf5 16. Rd2 $40 {[%csl Re8][%cal Gh1e1]})
13. Qh5 $2 {After this move black gets strong initiative.} (13. Qh7 Nf6 14. Qh4
Rg4 15. Qh8+ Rg8 $11) 13... Nxe3 14. fxe3 Bg4 (14... Rxg2 $2 15. Qh8+ Qf8 16.
Qxf8+ Kxf8 17. O-O-O $14) 15. Qh6 O-O-O {Black is two pawns down, but all his
pieces are superbly placed in compare to the white's.} 16. O-O (16. Qf4 Bd6 (
16... Bxc3+ $2 17. bxc3 Qa3 18. O-O Bh3 19. Rf2 Qb2 20. Raf1 $14) 17. Qf2 Rh8
$36) 16... Rg6 17. Qf4 Bd6 ({Probably stronger was} 17... Bh3 18. Rf2 Rdg8 19.
g3 (19. Bf1 Bd6 $40) 19... Bd6 20. e5 Bxe5 21. Bf5+ Kb8 22. Qe4 Bxf5 23. Rxf5
Re6 24. Qg2 Bxc3 25. bxc3 Rxe3 $17) 18. Qxf7 Qe5 (18... Qg5 19. g3 Rh6 {
[%cal Gh6h2]} 20. e5 Qxe3+ (20... Bxe5 21. Bf5+) 21. Qf2 Qxf2+ 22. Rxf2 Bc5 $15
) 19. Rf4 $2 (19. Qxg6 $4 Qxh2+ 20. Kf2 Bg3#) (19. Qf4 Qh8 (19... Qg7 20. e5
Bxe5 21. Qe4 Rg5 22. h4 Rh5 (22... Qh8 23. Be2 $16) 23. Rf7 $18) (19... Bh3 $1
20. g3 Qg7 21. e5 Bxe5 22. Qh4 Rh8 (22... Rh6 23. Rf7 Rxh4 24. Rxg7 Bxg7 25.
gxh4 $13) 23. Qxh8+ Qxh8 24. Bxg6 Bxf1 25. Rxf1 Bxc3 26. bxc3 Qxc3 $15) 20. e5
Bxe5 21. Bxg6 Bxf4 22. Rxf4 $13) 19... Rdg8 (19... Bc5 $2 20. Qxg6 Qxf4 21. Kh1
Bxe3 22. Rf1 $18) 20. Qh7 (20. Bf1 Qc5 21. Rf2 Qxe3 22. Bc4 Bxh2+ 23. Kxh2 Rh6+
24. Kg1 Rgh8 $19) 20... Bc5 $2 (20... Bh5 $1 {[%csl Rh7]} 21. Kh1 (21. Bf1 Rh8
22. Qf7 Rxg2+ 23. Bxg2 Bxf7 24. Rxf7 Qxh2+ 25. Kf1 Rg8 26. Rf2 Bg3 $19) 21...
Rxg2 22. Raf1 (22. Bc4 {[%tqu "En","How can black continue the attack in
style?","","","e5f4","",5]} Qxf4 $1 23. exf4 {[%tqu "En","Conclude the attack.
","","","g2g1","",5]} Rg1+ $1 24. Rxg1 Bf3+ 25. Rg2 Bxg2+ 26. Kg1 Bc5#) 22...
Qg5 $19) 21. Kh1 Bxe3 (21... R6g7 22. Qh4 Bxe3 23. Rxg4 $1 Rxg4 24. Qh3 {
[%csl Re3,Rg4][%cal Gd3e2]} Kb8 25. Qxe3 Rxg2 26. Qh3 Qg7 27. Ne2 Qxb2 $13) 22.
Rf8+ (22. Rxg4 $5 {- see the previous comment.}) 22... Rxf8 23. Qxg6 Be6 (23...
Bh5 24. Qh7 Bc5 {[%csl Rh2][%cal Gc5d6]} 25. Rf1 Rxf1+ 26. Bxf1 Qd4 27. Qg8+
Kd7 28. Qh7+ {with a perpetual.}) 24. Rf1 Rh8 25. g3 Bd4 26. Ne2 $4 {[%mdl
8192] The decisive tactical blunder.} (26. Rf4 Qd6 $44) {[%tqu "En","White's
last move was a blunder. How can black exploit it?","","","h8h2","",10]} 26...
Rxh2+ $1 (26... Rxh2+ 27. Kxh2 Qh8+ 28. Kg2 Qh3+ 29. Kf3 Qxf1#) 0-1

[Event "EU-Cup 16th"]
[Site "Neum"]
[Date "2000.09.24"]
[Round "1.1"]
[White "Ponomariov, Ruslan"]
[Black "Winants, Luc"]
[Result "1-0"]
[WhiteElo "2630"]
[BlackElo "2523"]
[Annotator "Postny,E"]
[PlyCount "61"]
[EventDate "2000.09.24"]
[EventType "team-swiss"]
[EventRounds "7"]
[EventCountry "BIH"]
[SourceTitle "CBM 080"]
[Source "ChessBase"]
[SourceDate "2001.01.25"]
[SourceVersion "1"]
[SourceVersionDate "2001.01.25"]
[SourceQuality "1"]
[WhiteTeam "Donetsk"]
[BlackTeam "Eupen Rochade"]
[WhiteTeamCountry "UKR"]
[BlackTeamCountry "BEL"]

1. e4 e5 2. Nf3 Nc6 3. d4 exd4 4. Nxd4 Bc5 5. Be3 Qf6 6. c3 Qg6 7. Qf3 $5 (7.
Nd2 Nf6 8. f3 (8. f4 Nxd4 9. cxd4 Bb4 10. f5 Qg4 11. Qxg4 Nxg4 12. Bf4 d5 13.
h3 Nf6 14. e5 Ne4 15. g4 g6 16. fxg6 fxg6 17. a3 Bxd2+ 18. Bxd2 h5 19. Rg1 hxg4
20. hxg4 Be6 $11 {Motylev,A-Gligoric,S/Novi Sad 2000 (33)}) 8... d5 9. Bb5 Bxd4
(9... Qxg2 10. Rg1 Qxh2 11. Rxg7 Bd7 12. Qb3 Qh4+ 13. Kd1 Bxd4 14. cxd4 O-O-O
15. Kc2 $132) 10. Bxd4 dxe4 11. O-O Bd7 12. Bxf6 Qxf6 13. Nxe4 Qf5 14. Bd3 Qf4
15. Qc1 Qxc1 16. Raxc1 Ne5 17. Bc2 O-O-O $11 {0-1 Berg,E-Hector,J/ Reykjavik
1996 (67)}) (7. f3 Nge7 8. Qd2 a6 9. Nc2 Bxe3 10. Nxe3 d6 11. Be2 f5 12. exf5
Bxf5 13. O-O O-O 14. Na3 Rae8 15. Rae1 Kh8 16. Nac2 Qh6 $15 {0-1 Vajda,
S-Skembris,S/ FRA 1999 (32)}) 7... d6 $6 $146 (7... Bxd4 8. Bxd4 Nge7 9. Nd2 d5
10. Bb5 O-O 11. Be3 dxe4 12. Qxe4 Bf5 13. Qf3 Ne5 14. Qg3 Ng4 15. O-O-O c6 16.
Be2 Nxe3 17. Qxe3 Nd5 $15 {0-1 Schmittdiel,E-Kupreichik,V/ Bad Woerishofen
1995 (70)}) (7... Ne5 8. Qf5 d6 9. Qxg6 hxg6 10. f3 Nf6 11. Nd2 Bd7 12. Nc2 Bb6
13. Be2 d5 14. Bxb6 axb6 15. exd5 Nxd5 16. g3 c5 17. O-O O-O $15 {0-1 Ash,
R-Martinovsky,E/ Chicago 1995 (52)}) 8. Nb5 $1 {[%csl Rc7]} Bg4 9. Qf4 (9. Qg3
$144 Bxe3 10. Qxe3 (10. Nxc7+ $2 Kd7 11. Nxa8 Bc1 $17)) 9... Bxe3 10. Qxe3 Kd7
{Black must defend the c7 pawn by king, to avoid any material damage.From now,
and until the end of the game, black king will not find complete safety.} (
10... O-O-O $2 11. f3 Bd7 12. Nxa7+ $16) 11. Nd2 Nge7 (11... Nf6 $6 12. Bd3 {
[%cal Gd3g6]} Rhe8 13. O-O Bf5 14. Rfe1 (14. f3 $2 Nd5 $17) 14... Re7 15. Nd4
Nxd4 16. Qxd4 Bh3 17. Bf1 $16 {[%csl Gd4,Rd7]}) 12. Bc4 Be6 {There was no need
to hurry with this move.} ({More logical is to complete artificial castling:} 
12... a6 13. Nd4 Rad8 14. h3 (14. O-O Kc8 $11 {[%cal Gd6d5]}) 14... Be6 15.
Bxe6+ fxe6 16. O-O $14 {[%cal Ya2a4,Yb2b4]}) 13. O-O Bxc4 14. Nxc4 Qh5 {
[%cal Rh5b5]} 15. a4 a6 16. Nd4 Rae8 (16... Rad8 17. b4 $36 Ne5 18. Nxe5+ Qxe5
(18... dxe5 $6 19. Nb3 $16 {[%csl Ra6,Rb7,Rd7][%cal Ge3a7,Gb3c5,Gb4b5,Gb3a5]})
19. f4 Qh5 20. e5 $40) 17. Qg3 Kc8 18. b4 (18. Qxg7 $6 f5 $1 $36 19. exf5 $2
Reg8 20. Qf6 Nxd4 21. Qxd4 Rxg2+ $1 22. Kxg2 Rg8+ 23. Kh1 Qf3#) 18... Nxd4 $2 {
This is already serious mistake.Black must meet side attack with center
breakthrough.} (18... d5 $1 19. Nxc6 Nxc6 (19... dxc4 20. Nxe7+ Rxe7 21. Qxg7
$16) 20. b5 $1 (20. exd5 Qxd5 21. Ne3 Qe5 $11) 20... dxc4 21. bxc6 bxc6 22. Qe3
{[%cal Ge3a7]} c5 23. f4 $14) 19. cxd4 Qg6 ({Now} 19... d5 {looks much worse
than on the previous move:} 20. exd5 Nxd5 21. Rfc1 {[%csl Rc7,Rc8][%cal Gc4b6,
Gc4d6]} Kb8 (21... Re6 22. b5 $40) 22. Ne3 Nxe3 23. Qxc7+ Ka8 24. fxe3 Rxe3 25.
b5 $40) 20. Qc3 Kb8 (20... d5 21. Ne5 Qe6 22. Rfc1 c6 23. b5 f6 24. Nd3 $18)
21. Rfe1 d5 {Too late.} (21... f5 22. e5 $16) 22. Ne5 Qe6 23. b5 f6 24. Nd3
dxe4 25. Nc5 $18 Qd5 26. a5 {White's attack is irresistible.} Nf5 (26... axb5
27. a6 b6 28. a7+ Ka8 29. Na6 $18 {[%cal Ra6c7]}) 27. bxa6 Ka7 28. axb7 Qxd4
29. Qc2 Nd6 30. Red1 Qc4 {[%tqu "En","Find final combination for white.","","",
"d1d6","",8]} 31. Rxd6 $1 {[%mdl 128]} (31. Rxd6 Qxc2 32. Ra6+ Kb8 33. Ra8#)
1-0

[Event "Bermuda-A"]
[Site "Bermuda"]
[Date "2002.01.29"]
[Round "8"]
[White "Nakamura, Hikaru"]
[Black "Ernst, Sipke"]
[Result "1/2-1/2"]
[WhiteElo "2430"]
[BlackElo "2459"]
[Annotator "Postny,E"]
[PlyCount "148"]
[EventDate "2002.01.21"]
[EventType "tourn"]
[EventRounds "9"]
[EventCountry "BER"]
[EventCategory "10"]
[SourceTitle "CBM 088"]
[Source "ChessBase"]
[SourceDate "2002.03.21"]
[SourceVersion "1"]
[SourceVersionDate "2002.03.21"]
[SourceQuality "1"]

1. e4 e5 2. Nf3 Nc6 3. d4 exd4 4. Nxd4 Nf6 5. Nxc6 bxc6 6. e5 Nd5 {Usual
continuation is 6...Qe7.} 7. c4 Nb6 8. Nd2 (8. Nc3 d5 {- see the game Garma,
C-Rausis,I Goodricke op 2001/CBM 82 [Postny]}) 8... Qe7 9. Qe2 {With different
moves order the position transposed in one of the main variations.} a5 {
Other options are: 9...d5, 9...Qe6, 9...Bb7.} 10. b3 $6 {This variation is
risky for white. The alternatives are: 10.g3 - see the game Hector,J-Wedberg,T
/Sigeman & Co 2001/CBM 84 [Postny] and 10.Qe4.} a4 11. Bb2 axb3 12. axb3 Rxa1+
13. Bxa1 Qa3 14. Qd1 Bb4 15. Bd3 Qa5 ({Deserving attention} 15... Qa2 16. Bd4
Bxd2+ 17. Qxd2 Qxb3 $15) 16. Ke2 d6 $1 {This move was recommended by V.
Mikhalevski in his comments to the game Magem Badals,J-Hebden,M Escaldes zt
1998/CBM 68. In this game black continued 16...d5?! and eventually lost.} 17.
f4 $146 (17. Nf3 Bg4 18. Qc2 dxe5 19. Rd1 g6 20. Be4 O-O 21. Bxc6 f6 22. h3 Bf5
23. Be4 Bxe4 24. Qxe4 Qa2+ $17 {1/2-1/2 Dovzik,J-Ambrus,E/Szeged 1998/EXT 99 
(59)}) (17. Qc2 dxe5 18. Nf3 Bg4 19. Be4 Nd7 20. h3 Bxf3+ 21. Kxf3 Qc5 22. Bf5
Nf8 23. Qe4 f6 24. Rd1 g6 25. Bc8 Kf7 26. Bb7 Qe7 27. Qxc6 Bd6 28. g3 $14 {
0-1 Butze,R-Poljanskij,A /corr.1975 (46)}) 17... dxe5 18. fxe5 Bc3 $6 (18...
Bg4+ $1 19. Nf3 Nd7 20. h3 Bxf3+ 21. Kxf3 Nxe5+ 22. Bxe5 Qxe5 23. Qe2 $15) 19.
Bxc3 Qxc3 20. Nf3 Bg4 21. Qa1 Qxa1 $2 {This is certainly illogical. White has
as unsafe K in the centre and willing to exchange QQ and this exchange helps
him a lot...} (21... Qxb3 $4 22. Rb1 {[%csl Rb3]} Qa4 23. Qxa4 Nxa4 24. Rb8+
$18 {[%csl Rh8]}) ({The right move is} 21... Qb4) 22. Rxa1 $16 Ke7 (22... Kd7
23. h3 Bxf3+ 24. gxf3 $16) 23. Ra7 Nd7 {This pawn sacrifice is temporary.} 24.
Rxc7 Rb8 25. Bc2 Rb6 {[%csl Re5][%cal Ge7d8]} 26. Kd2 (26. c5 $6 Rb5) 26... Kd8
27. Ra7 Bxf3 28. gxf3 Nxe5 29. f4 Nd7 30. Bf5 $2 {This move allows black to
escape for a draw.} (30. Kc3 {[%csl Gb3,Gc4][%cal Gb3b4]} g6 (30... c5 31. Bf5
Rd6 32. Rxd7+ (32. b4 cxb4+ 33. Kxb4) 32... Rxd7 33. Bxd7 Kxd7 34. b4 {and the
pawn endgame is won for white.}) 31. b4 {with good winning chances.}) 30... Nc5
{Now the mutual "pawn capture" is on. White will remain a pawn up, but the
material on the board will be strongly reduced, that makes white's winning
chances rather low.} 31. Rxf7 Rxb3 32. Rxg7 Rf3 33. Rg4 Nb3+ {Black's pieces
became active and well-coordinated, as a result of white's mistake on move 30.}
34. Ke1 h6 35. Rh4 Nd4 36. Bh3 Ke7 37. Rxh6 Rxf4 {With every exchange white's
winning chances evaporates.} 38. Kd2 Nb3+ 39. Kd3 Nc5+ 40. Kc3 Na4+ 41. Kb3
Nc5+ 42. Kb4 Nd3+ 43. Kc3 Nc5 44. Bg2 Na4+ 45. Kd3 Nc5+ 46. Ke3 Rxc4 47. Rxc6
Rc3+ 48. Kd4 (48. Kd2 Ne4+ {[%csl Gh8] swapping the RR and reaching the
theoretical draw.}) 48... Rc2 {[%csl Rg2]} 49. Rg6 Ne6+ 50. Ke3 {Black's
defensive task in this position is quite easy.It should be noticed as well,
that white has the "wrong" B, so if the RR will be swapped black can deal even
without a knight...} Rc3+ 51. Kd2 Rc5 52. Bf3 Ng5 53. Be2 Kf7 54. Ra6 Re5 55.
Ra3 Kg6 56. Ke1 Nh7 57. Kf2 Nf6 58. Bf3 Rc5 ({It looks like after} 58... Ne4+ {
a draw could be agreed.}) 59. Ra4 Rc3 60. h4 {Good progress of the position...}
Kg7 61. Kg3 Rc5 62. Ra6 Rb5 63. Be2 Rc5 64. Kf4 Nh5+ 65. Ke3 Re5+ 66. Kf2 Nf6
67. Bd3 Rd5 68. Ke3 {White probably forgot, that his K should be close to the
pawn...} Ng4+ 69. Ke2 Nf6 70. Rc6 Rd4 71. Rc7+ Kg8 72. Bc4+ Kh8 {The Ph4 is
doomed.} 73. h5 Nxh5 74. Ke3 {Fight until the end...} Rh4 1/2-1/2